Poules Euro Feminin 2025 - Statistiques

Statistiques générales
  • Ce quiz a été pris 48 fois
  • Le résultat moyen est 12 sur 16
Statistiques - réponses
Poules Réponse % Correct
Poule 3 🇫🇷 France
97%
Poule 3 🏴󠁧󠁢󠁥󠁮󠁧󠁿 Angleterre
94%
Poule 1 🇳🇱 Pays Bas
94%
Poule 4 🇩🇪 Allemagne
91%
Poule 2 🇪🇸 Espagne
91%
Poule 3 🇸🇪 Suède
88%
Poule 1 🇳🇴 Norvège
84%
Poule 2 🇩🇰 Danmark
78%
Poule 1 🇮🇹 Italie
78%
Poule 4 🇵🇱 Pologne
75%
Poule 4 🇦🇹 Autriche
66%
Poule 2 🇧🇪 Belgique
66%
Poule 3 🇮🇪 Irlande
66%
Poule 4 🇮🇸 Islande
59%
Poule 2 🇨🇿 Rep Tcheque
47%
Poule 1 🇫🇮 Finlande
22%
Aucun quiz correspondant
Distribution des résultats
% des personnes avec chaque résultat
Percentile par nombre de réponses
Votre historique - résultats
Vous n’avez pas pris ce quiz